[Event "Francophone-ch blitz 5th"]
[Site "Cannes"]
[Date "2018.07.13"]
[Round "1"]
[White "Bauer, Christian"]
[Black "Minet, Julien"]
[Result "1-0"]
[WhiteElo "2644"]
[BlackElo "1960"]
[PlyCount "55"]
[EventDate "2018.07.13"]
[EventType "swiss (blitz)"]
[EventRounds "11"]
[EventCountry "FRA"]
[SourceTitle "CBM 185 Extra"]
[Source "ChessBase"]
[SourceDate "2018.07.29"]
[SourceVersion "1"]
[SourceVersionDate "2018.07.29"]
[SourceQuality "1"]

1. b4 Nf6 2. Bb2 e6 3. a3 Be7 4. Nf3 d5 5. e3 0-0 6. c4 c6 7. Nc3 Nbd7 8. Be2 Nb6 9. d3 dxc4 10. dxc4 Qxd1+ 11. Rxd1 Rd8 12. 0-0 a5 13. Rxd8+ Bxd8 14. Rd1 Be7 15. e4 axb4 16. axb4 Na4 17. Ra1 Nb6 18. Rxa8 Nxa8 19. e5 Ne8 20. c5 Nac7 21. Ne4 Nd5 22. Ba3 f6 23. Nd6 Bxd6 24. exd6 Bd7 25. Nd4 e5 26. Nb3 Nc3 27. Bc4+ Kf8 28. Na5 1-0

[Event "Charleroi TIPC op 12th"]
[Site "Charleroi"]
[Date "2013.08.01"]
[Round "7"]
[White "Minet, Julien"]
[Black "Van Mechelen, Jan"]
[Result "1/2-1/2"]
[WhiteElo "1991"]
[BlackElo "2188"]
[PlyCount "70"]
[EventDate "2013.07.27"]
[EventType "swiss"]
[EventRounds "9"]
[EventCountry "BEL"]
[SourceTitle "EXT 2018"]
[Source "ChessBase"]
[SourceDate "2017.10.13"]
[SourceVersion "1"]
[SourceVersionDate "2017.10.13"]
[SourceQuality "1"]

1. e4 c5 2. Nf3 d6 3. c3 Nf6 4. Bb5+ Bd7 5. Bxd7+ Qxd7 6. d3 g6 7. 0-0 Nc6 8. Re1 Bg7 9. h3 0-0 10. Be3 b5 11. Qd2 Qb7 12. e5 Nd5 13. exd6 exd6 14. Bh6 Rfe8 15. Rxe8+ Rxe8 16. Bxg7 Kxg7 17. Na3 Ne5 18. Nxe5 dxe5 19. Qe2 Nf4 20. Qe4 Qd7 21. d4 f5 22. Qf3 c4 23. dxe5 Nd3 24. Rd1 Rxe5 25. Nc2 Qe7 26. Nd4 Re1+ 27. Rxe1 Qxe1+ 28. Kh2 Nxf2 29. g4 fxg4 30. hxg4 Qe5+ 31. Kg1 Nd3 32. Qb7+ Kh6 33. Qh1+ Kg7 34. Qb7+ Kh6 35. Qh1+ Kg7 1/2-1/2

[Event "Charleroi op"]
[Site "Charleroi"]
[Date "2011.08.01"]
[Round "3"]
[White "Minet, Julien"]
[Black "Vivone, Santino"]
[Result "1/2-1/2"]
[WhiteElo "2012"]
[BlackElo "1966"]
[PlyCount "61"]
[EventDate "2011.07.30"]
[EventType "swiss"]
[EventRounds "9"]
[EventCountry "BEL"]
[SourceTitle "EXT 2012"]
[Source "ChessBase"]
[SourceDate "2011.11.24"]
[SourceVersion "1"]
[SourceVersionDate "2011.11.24"]
[SourceQuality "1"]

1. e4 c5 2. Nf3 e6 3. d4 d5 4. exd5 exd5 5. c4 Nf6 6. Nc3 Be6 7. Qb3 b6 8. Be3 dxc4 9. Bxc4 Bxc4 10. Qxc4 Nbd7 11. 0-0-0 Be7 12. d5 Qb8 13. Bf4 Bd6 14. Rhe1+ Kd8 15. Bxd6 Qxd6 16. Nb5 Qb8 17. d6 a6 18. Nc7 Rf8 19. Nxa8 Qxa8 20. Ng5 b5 21. Nxf7+ Kc8 22. Qe6 Qxg2 23. Rd2 Re8 24. Qxe8+ Nxe8 25. Rxe8+ Kb7 26. Re7 Kc8 27. b3 Qxh2 28. Re8+ Kb7 29. Nd8+ Kb6 30. Ne6 Qe5 31. Rc2 1/2-1/2

[Event "Charleroi op 5th"]
[Site "Charleroi"]
[Date "2006.08.02"]
[Round "6"]
[White "Foisor, Mihaela Veronica"]
[Black "Minet, Julien"]
[Result "1/2-1/2"]
[WhiteElo "2005"]
[BlackElo "1927"]
[PlyCount "138"]
[EventDate "2006.07.29"]
[EventType "swiss"]
[EventRounds "9"]
[EventCountry "BEL"]
[SourceTitle "CBM 113 Extra"]
[Source "ChessBase"]
[SourceDate "2006.09.14"]
[SourceVersion "1"]
[SourceVersionDate "2006.09.14"]
[SourceQuality "1"]

1. d4 d5 2. c4 e6 3. Nf3 Nf6 4. Nc3 Be7 5. Bf4 c6 6. e3 Nbd7 7. h3 0-0 8. Be2 Re8 9. 0-0 Nf8 10. Qc2 Ng6 11. c5 Nxf4 12. exf4 b6 13. b4 Bb7 14. Ne5 Nd7 15. Bd3 Nf8 16. Rfb1 f6 17. Nf3 Qc7 18. g3 Reb8 19. Nd1 b5 20. a4 a6 21. Ra3 Qc8 22. Rba1 Bd8 23. Ne3 Bc7 24. Kg2 Qe8 25. Qc3 Ng6 26. Re1 Qf8 27. Qc2 f5 28. Ne5 Bxe5 29. fxe5 Ne7 30. f4 Qf7 31. Rea1 Qf8 32. R1a2 Ng6 33. Kf3 Qd8 34. Ng2 Qe8 35. Kf2 Ne7 36. Be2 Rd8 37. Ne3 Qg6 38. Qd1 Qh6 39. Kg2 Kf7 40. Kh2 Rg8 41. Ng2 g6 42. Qd2 Qg7 43. Ne1 h6 44. Ng2 Rgd8 45. g4 Qh7 46. Rg3 Rg8 47. Ne3 Ke8 48. Ra1 Kd7 49. Qc2 Qf7 50. Rag1 Rad8 51. Bd3 Kc7 52. R1g2 Ra8 53. Rg1 Rab8 54. gxf5 gxf5 55. Qd1 Rxg3 56. Rxg3 Rg8 57. Qf3 Rxg3 58. Qxg3 Qg6 59. Bc2 Kd8 60. Qxg6 Nxg6 61. Kg3 Ke7 62. Ng2 Kf7 63. Bd1 Kg7 64. Nh4 Bc8 65. a5 Bd7 66. Nxg6 Kxg6 67. Kh4 Kg7 68. Bh5 Kh7 69. Be2 Be8 1/2-1/2

[Event "FRA-chT3 Gr8 0203"]
[Site "France"]
[Date "2003.03.16"]
[Round "7"]
[White "Warkentin, Sabine"]
[Black "Minet, Julien"]
[Result "0-1"]
[WhiteElo "1864"]
[BlackElo "1599"]
[PlyCount "136"]
[EventDate "2002.10.??"]
[EventType "team"]
[EventRounds "9"]
[EventCountry "FRA"]
[SourceTitle "EXT 2005"]
[Source "ChessBase"]
[SourceDate "2004.11.15"]
[SourceVersion "1"]
[SourceVersionDate "2004.11.15"]
[SourceQuality "1"]

1. d4 c5 2. e3 cxd4 3. exd4 d5 4. Nf3 Nf6 5. Bd3 Bg4 6. h3 Bd7 7. 0-0 e6 8. Bg5 Bd6 9. Ne5 0-0 10. c3 Bc6 11. Nd2 Nbd7 12. f4 Qb6 13. Nxd7 Nxd7 14. Qc2 h6 15. Bh4 Bb5 16. Kh1 Bxd3 17. Qxd3 f5 18. c4 dxc4 19. Nxc4 Qa6 20. Qb3 Nf6 21. Bxf6 Rxf6 22. Rae1 Rd8 23. Ne3 Bb8 24. d5 Kh7 25. Qc2 Kh8 26. dxe6 Qxe6 27. Ng4 Qc6 28. Qxc6 Rxc6 29. Ne5 Bxe5 30. fxe5 g6 31. Rf2 Re8 32. Kg1 Rce6 33. Rfe2 f4 34. Kf2 Kg7 35. g3 fxg3+ 36. Kxg3 g5 37. h4 Kg6 38. Re4 Kf5 39. hxg5 hxg5 40. Rb4 b6 41. Rd4 Rxe5 42. Rf1+ Kg6 43. Rd6+ R8e6 44. Rxe6+ Rxe6 45. Rf2 Re4 46. b3 a5 47. Rd2 Kf5 48. Rd6 Re3+ 49. Kf2 Re6 50. Rd5+ Kg4 51. Rd8 Rc6 52. Rd2 Kh3 53. Rd5 Rf6+ 54. Kg1 g4 55. Rh5+ Kg3 56. Rd5 Rf3 57. Rd6 Rc3 58. Kf1 Rc1+ 59. Ke2 Rc2+ 60. Kf1 Rxa2 61. Rxb6 Ra1+ 62. Ke2 Kg2 63. Ra6 Ra3 64. Ra8 g3 65. Ke1 Kg1 66. Ra7 g2 67. Ke2 Rxb3 68. Rxa5 Kh2 0-1